[Event "Barcelona Primavera La Lira op 10th"]
[Site "Barcelona"]
[Date "2017.05.18"]
[Round "5"]
[White "Serentill Tost, Eduard"]
[Black "Gil Gil, Antoni"]
[Result "1-0"]
[WhiteElo "1675"]
[BlackElo "1811"]
[PlyCount "109"]
[EventDate "2017.04.20"]
[EventType "swiss"]
[EventRounds "9"]
[EventCountry "ESP"]
[SourceTitle "EXT 2018"]
[Source "ChessBase"]
[SourceDate "2017.10.13"]
[SourceVersion "1"]
[SourceVersionDate "2017.10.13"]
[SourceQuality "1"]

1. e4 e5 2. Nf3 Nc6 3. Bb5 Nf6 4. 0-0 Nxe4 5. d4 Nd6 6. Bxc6 bxc6 7. Nxe5 Be7 8. Nc3 0-0 9. Bf4 Rb8 10. b3 f6 11. Nf3 Nf5 12. a3 d5 13. Re1 g5 14. Be3 Bd6 15. Qd3 g4 16. Nd2 Rf7 17. Ne2 Nh4 18. Bf4 Ng6 19. Bxd6 Qxd6 20. Qg3 Bf5 21. Qxd6 cxd6 22. c3 Bc2 23. b4 f5 24. Nc1 f4 25. Re6 Rd8 26. Ncb3 f3 27. g3 Nf8 28. Re3 Nd7 29. Na5 c5 30. Nb7 Rb8 31. Nxd6 Rf6 32. dxc5 a5 33. Rae1 axb4 34. cxb4 d4 35. Re8+ Rxe8 36. Rxe8+ Kg7 37. Re7+ Kg6 38. N2e4 d3 39. Nc3 d2 40. Rxd7 Re6 41. h3 Re1+ 42. Kh2 Rc1 43. Nc4 d1Q 44. Nxd1 Bxd1 45. Ne3 Ba4 46. Rd6+ Kf7 47. Nxg4 Rc3 48. Rd3 Rxd3 49. Ne5+ Ke6 50. Nxd3 Kd5 51. g4 Kd4 52. Ne1 Kc3 53. Nxf3 Kb2 54. Ne5 Kxa3 55. c6 1-0

[Event "Sant Adria de Besos op 13th"]
[Site "Sant Adria de Besos"]
[Date "2017.05.14"]
[Round "4"]
[White "Granados Tello, Roman"]
[Black "Serentill Tost, Eduard"]
[Result "1/2-1/2"]
[WhiteElo "2024"]
[BlackElo "1873"]
[PlyCount "91"]
[EventDate "2017.04.23"]
[EventType "swiss"]
[EventRounds "9"]
[EventCountry "ESP"]
[SourceTitle "EXT 2018"]
[Source "ChessBase"]
[SourceDate "2017.10.13"]
[SourceVersion "1"]
[SourceVersionDate "2017.10.13"]
[SourceQuality "1"]

1. d4 Nf6 2. Bf4 g6 3. Nf3 Bg7 4. e3 0-0 5. Be2 d6 6. h3 Nc6 7. 0-0 Re8 8. c4 Nh5 9. Bh2 e5 10. Nc3 exd4 11. exd4 Qf6 12. Nd5 Qd8 13. Re1 a5 14. Rc1 Ne7 15. Nc3 b6 16. Qb3 Bb7 17. Rcd1 Nc6 18. Nb5 Na7 19. a4 Nxb5 20. axb5 Qf6 21. Kf1 Nf4 22. Bxf4 Qxf4 23. d5 Re7 24. Bd3 Rae8 25. Qc2 Bc8 26. Rxe7 Rxe7 27. Re1 Rxe1+ 28. Nxe1 Qd4 29. b3 Qa1 30. Qb1 Bc3 31. Qxa1 Bxa1 32. Ke2 Kg7 33. Nc2 Bc3 34. Ke3 Kf6 35. Ke4 Bf5+ 36. Ke3 h5 37. f3 Ke5 38. f4+ Kf6 39. Nd4 Bxd4+ 40. Kxd4 Bxd3 41. Kxd3 Kf5 42. Ke3 h4 43. Kf3 f6 44. Ke3 g5 45. fxg5 fxg5 46. Kf3 1/2-1/2